| 000 | 00691nam a2200229Ia 4500 | ||
|---|---|---|---|
| 001 | 9130 | ||
| 003 | GE_BSU | ||
| 008 | 181216s||||||||xx |||||||||||||| ||und|| | ||
| 040 | _cGE_BSU | ||
| 080 | _a821.353.1-32 | ||
| 100 | _aდუმბაძე,ნოდარ | ||
| 245 | _aკუკარაჩა | ||
| 245 | _bმოთხრობები | ||
| 245 | _cრედ:ც.ქაროსანიძე;მხატვ:სპ.ცინცაძე | ||
| 260 | _aთბილისი. | ||
| 260 | _bმერანი. | ||
| 260 | _c1981. | ||
| 300 | _a223გვ;ილ;16სმ. | ||
| 653 | _aკუკარაჩა | ||
| 653 | _aმოთხრობები | ||
| 942 | _cBK | ||
| 999 |
_c42434 _d42434 |
||